Řecko v EU a NATO: armáda a strategie
Aktuálna problematika členstva Grécka v Európskej únii a NATO. Grécko a Európska únia. Grécko a severoatlantická aliancia. Súčasné stavy gréckych ozbrojených síl. Štruktúra a reforma armády. Princípy a ciele Národnej obrannej politiky. Bezpečnostná stratégia a koncepcia obrany. Prognóza bezpečnost...
Enregistré dans:
| Auteur principal: | |
|---|---|
| Format: | Chapitre de livre |
| Langue: | tchèque |
| Sujets: | |
| Tags: |
Pas de tags, Soyez le premier à ajouter un tag!
|
MARC
| LEADER | 00000naa$a2200000$$$4500 | ||
|---|---|---|---|
| 001 | 0012498 | ||
| 005 | 20231016091235.8 | ||
| 041 | 0 | |a cze | |
| 044 | |a CZ | ||
| 245 | 1 | 0 | |a Řecko v EU a NATO: armáda a strategie |c aut. Jan Závěšický |
| 520 | |a Aktuálna problematika členstva Grécka v Európskej únii a NATO. Grécko a Európska únia. Grécko a severoatlantická aliancia. Súčasné stavy gréckych ozbrojených síl. Štruktúra a reforma armády. Princípy a ciele Národnej obrannej politiky. Bezpečnostná stratégia a koncepcia obrany. Prognóza bezpečnostného vývoja. | ||
| 610 | 2 | 0 | |a Grécko |
| 610 | 2 | 0 | |a Európska únia |
| 610 | 2 | 0 | |a spolupráca hospodárska medzinárodná |
| 610 | 2 | 0 | |a politika bezpečnostná |
| 610 | 2 | 0 | |a politika medzinárodná |
| 610 | 2 | 0 | |a reformy štruktúrne |
| 100 | 1 | |a Závěšický, Jan | |